American Novels Across America Quiz Stats

 Plays Quiz not verified by Sporcle

Score 0/51 Timer 10:00
0 Plays Today
% Correct
A Connecticut Yankee in King Arthur's Court
87.3%
The Adventures of Tom Sawyer
86.1%
The Wonderful Wizard of Oz
86.1%
To Kill a Mockingbird
82.3%
Winesburg, Ohio
79.7%
The Catcher in the Rye
73.4%
Salem's Lot
72.2%
White Fang
72.2%
From Here to Eternity
69.6%
The Sound and the Fury
67.1%
East of Eden
65.8%
Little Women
58.2%
Deliverance
57%
A Confederacy of Dunces
57%
All the Pretty Horses
51.9%
The Big Sky
51.9%
One Flew Over the Cuckoo's Nest
51.9%
Little House in the Big Woods
51.9%
Cold Mountain
50.6%
O Pioneers!
49.4%
The Outsiders
48.1%
A Separate Peace
48.1%
The Confessions of Nat Turner
46.8%
Portnoy's Complaint
46.8%
Snow Falling On Cedars
45.6%
The Prince of Tides
44.3%
% Correct
The Client
44.3%
The Witches of Eastwick
43%
Fight Club
43%
A Thousand Acres
41.8%
Native Son
36.7%
Shane
34.2%
Centennial
34.2%
Rocket Boys
34.2%
Dinner at the Homesick Restaurant
32.9%
Main Street
32.9%
Along Came a Spider
32.9%
Rabbit is Rich
30.4%
True Grit
30.4%
Death Comes for the Archbishop
30.4%
The Andromeda Strain
29.1%
Love Medicine
29.1%
Housekeeping
26.6%
The Yearling
25.3%
Riders of the Purple Sage
25.3%
The Ox-Bow Incident
25.3%
The Secret History
24.1%
By the Shores of Silver Lake
22.8%
The Dollmaker
19%
Girl of the LImberlost
17.7%
Song of Solomon
13.9%

You're not logged in!

Compare scores with friends on all Sporcle quizzes.
OR
Log In

You Might Also Like...

Show Comments

Extras

Top Quizzes Today


Score Distribution

Your Account Isn't Verified!

In order to create a playlist on Sporcle, you need to verify the email address you used during registration. Go to your Sporcle Settings to finish the process.

Report this User

Report this user for behavior that violates our Community Guidelines.

Details: